| 000 | 00496cam a2200205ua 4500 | ||
|---|---|---|---|
| 020 | _cRs 160.00 | ||
| 041 |
_aeng _h |
||
| 082 |
_a621.402 _bSAR/TH |
||
| 100 | _aSarao, A S. | ||
| 245 |
_aThermal engineering / _cA S Sarao. _hTextual Documents |
||
| 250 |
_a5 / _b. |
||
| 260 |
_aNew Delhi : _bSatya Prakshan , _c1996. |
||
| 300 | _a1042 ; . | ||
| 365 | _aRs 160.00 | ||
| 504 | _a | ||
| 650 | _aThermal engineering | ||
| 942 | _cBK | ||
| 999 |
_c195 _d195 |
||